Optimálna miera spoluúčasti v BMS - Lemairov model so zdrojovým kódom v Maxime

Bonus-malus systém (BMS) ako efektívny nástroj riadenia rizika v poisťovníctve. Lemairov model priemernej optimálnej spoluúčasti. Výpočet prvej a ďalších aproximácií. Využitie Leimarovho modelu v pedagogickom procese, ako aj v poistnej praxi. Výhody programovania v Maxime.

Guardado en:
Detalles Bibliográficos
Autor principal: Fecenko, Jozef
Formato: Capítulo de libro
Lenguaje:eslovaco
Materias:
Etiquetas: Agregar Etiqueta
Sin Etiquetas, Sea el primero en etiquetar este registro!

MARC

LEADER 00000naa$a2200000$$$4500
001 0257003
005 20240502074100.3
041 0 |a slo 
044 |a SK 
245 1 0 |a Optimálna miera spoluúčasti v BMS - Lemairov model so zdrojovým kódom v Maxime  |c Jozef Fecenko 
520 |a Bonus-malus systém (BMS) ako efektívny nástroj riadenia rizika v poisťovníctve. Lemairov model priemernej optimálnej spoluúčasti. Výpočet prvej a ďalších aproximácií. Využitie Leimarovho modelu v pedagogickom procese, ako aj v poistnej praxi. Výhody programovania v Maxime. 
610 2 0 |a poisťovníctvo 
610 2 0 |a softvér 
610 2 0 |a poistenie 
610 2 0 |a riziko poistné 
610 2 0 |a riadenie rizík 
610 2 0 |a matematika poistná 
610 2 0 |a modely 
610 2 0 |a programovanie matematické 
100 1 |a Fecenko, Jozef